000 00786cam a2200217 4500
001 ABS62892
008 000000n2000 000 0 eng u
035 _a(Sirsi) u108517
100 _aScott, I.
245 _aOut-sourcing education
260 _c2000
490 _aProperty Forecast
_vSeptember 2000, 11-12(2)
520 _aDiscusses the emergence of a new property investment asset class - student accommodation. Suggests that long leases backed by well covenanted institutions and potential growth of up to 55% should make it particularly attractive to potential investors.
590 _aABS
650 _aSTUDENT ACCOMMODATION
650 _aHIGHER EDUCATION
650 _aINVESTMENT PROPERTY
650 _aRESIDENTIAL INVESTMENT
690 _aINVESTMENT
942 _n0
999 _c64799
_d64799